[Event "AUTO-OPEN-3080"]
[Site "http://www.queenalice.com/game.php?id=1269654"]
[Date "2014.4.1"]
[Round "3"]
[White "cunha"]
[Black "LUKK"]
[Result "1/2-1/2"]
[WhiteElo "2871"]
[BlackElo "2550"]

1. e4 g6 2. d4 d6 3. Nf3 Bg7 4. Nc3 Nf6 5. Be3 O-O 6. Qd2 d5 7. Bd3 dxe4 8. Nxe4
Nc6 9. O-O-O Qd5 10. Nxf6+ Bxf6 11. c4 Qd6 12. Bf4 e5 13. dxe5 Nxe5 14. Nxe5
Bxe5 15. Bxe5 Qxe5 16. h4 Be6 17. Qg5 Qxg5+ 18. hxg5 Rad8 19. b3 Rd4 20. f3 Rfd8
21. Be4 Rxd1+ 22. Rxd1 Rxd1+ 23. Kxd1 b6 24. Kd2 Kg7 25. Ke3 f6 26. gxf6+ Kxf6
27. Bc6 Ke5 28. f4+ Kd6 29. Bf3 h6 30. g4 Bd7 31. b4 1/2-1/2

[Event "AUTO-OPEN-3080"]
[Site "http://www.queenalice.com/game.php?id=1269655"]
[Date "2014.4.1"]
[Round "3"]
[White "LUKK"]
[Black "cunha"]
[Result "1/2-1/2"]
[WhiteElo "2559"]
[BlackElo "2865"]

1. h3 e5 2. e4 Nf6 3. Nc3 Bb4 4. Nf3 O-O 5. Nxe5 Re8 6. Nd3 Bf8 7. Be2 Nxe4 8.
O-O d5 9. Nf4 c6 10. Nxe4 Rxe4 11. d3 Re8 12. Re1 Bd6 13. d4 Re4 14. Nh5 Bf5 15.
Ng3 Bxg3 16. fxg3 Nd7 17. g4 Bg6 18. c3 Qe7 19. Bd2 Qd6 20. Qb3 Nb6 21. Bf3 Ree8
22. Rxe8+ Rxe8 23. Re1 Rxe1+ 24. Bxe1 Qe7 25. Qd1 Nc4 26. b3 Nd6 27. Qc1 h6 28.
Bf2 Ne4 29. c4 Nxf2 30. Kxf2 Qb4 31. cxd5 Qxd4+ 32. Qe3 1/2-1/2

[Event "AUTO-OPEN-2931"]
[Site "http://www.queenalice.com/game.php?id=1272295"]
[Date "2014.4.11"]
[Round "3"]
[White "cunha"]
[Black "andrevillares"]
[Result "1-0"]
[WhiteElo "2877"]
[BlackElo "2119"]

1. e4 c6 2. d4 d5 3. Nc3 dxe4 4. Nxe4 Nd7 5. Nf3 Ngf6 6. Ng3 g6 7. Bc4 Bg7 8.
O-O O-O 9. Re1 Nb6 10. Bb3 Bg4 11. c3 e6 12. h3 Bxf3 13. Qxf3 a5 14. a4 Qd7 15.
Bg5 Nfd5 16. Ne4 Rfe8 17. c4 Nb4 18. Nf6+ Bxf6 19. Qxf6 Qd8 20. Qxd8 Raxd8 21.
Bxd8 Rxd8 22. Rad1 Kg7 23. Re5 Ra8 24. f4 Nd7 25. Re3 Nf6 26. Kf2 Rd8 27. Kf3 c5
28. dxc5 Rxd1 29. Bxd1 Nc6 30. Rd3 e5 31. Ke3 exf4+ 32. Kxf4 h5 33. Bf3 Ne7 34.
Bxb7 g5+ 35. Kxg5 Ne4+ 36. Bxe4 1-0

[Event "AUTO-OPEN-3066"]
[Site "http://www.queenalice.com/game.php?id=1279660"]
[Date "2014.5.7"]
[Round "3"]
[White "cunha"]
[Black "Licaon86"]
[Result "1-0"]
[WhiteElo "2864"]
[BlackElo "2293"]

1. e4 e6 2. d4 d5 3. Nc3 Bb4 4. e5 c5 5. a3 Bxc3+ 6. bxc3 Ne7 7. Qg4 Qc7 8. Qxg7
Rg8 9. Qxh7 cxd4 10. Ne2 Nbc6 11. f4 Bd7 12. Rb1 dxc3 13. g3 Na5 14. Qd3 Nc4 15.
Nd4 b6 16. Be2 Nd2 17. Bxd2 cxd2+ 18. Qxd2 Qc5 19. Qb4 Nc6 20. Qxc5 bxc5 21. Nf3
Ke7 22. Kf2 Rab8 23. h4 c4 24. h5 Rxb1 25. Rxb1 1-0

[Event "AUTO-OPEN-3066"]
[Site "http://www.queenalice.com/game.php?id=1279661"]
[Date "2014.5.7"]
[Round "3"]
[White "Licaon86"]
[Black "cunha"]
[Result "0-1"]
[WhiteElo "2343"]
[BlackElo "2863"]

1. c4 e5 2. Nc3 Nf6 3. g3 d5 4. cxd5 Nxd5 5. Bg2 Nb6 6. Nf3 Nc6 7. d3 Be7 8. O-O
O-O 9. b3 Be6 10. Bb2 f6 11. Rc1 Qd7 12. Nd2 Bh3 13. Nc4 Bxg2 14. Kxg2 Rad8 15.
Nxb6 axb6 16. Qd2 f5 17. Rfd1 Rf6 18. f4 Bc5 19. e3 exf4 20. exf4 Rd6 21. Qe2
Nd4 0-1

[Event "AUTO-OPEN-2755"]
[Site "http://www.queenalice.com/game.php?id=1285573"]
[Date "2014.6.2"]
[Round "3"]
[White "cunha"]
[Black "tercer"]
[Result "1-0"]
[WhiteElo "2859"]
[BlackElo "1974"]

1. e4 Nc6 2. d4 e5 3. d5 Nce7 4. Ne2 Nf6 5. Ng3 Ng6 6. Be3 h5 7. Bg5 Bc5 8. Nc3
Nf4 9. Nf5 Kf8 10. g3 Ng6 11. d6 cxd6 12. Qf3 h4 13. O-O-O hxg3 14. hxg3 Rxh1
15. Qxh1 Bb6 16. Rxd6 Bxf2 17. Bxf6 Qxf6 18. Rxf6 gxf6 19. Qh6+ Ke8 20. Qg7 Be3+
21. Kb1 Bc5 22. Nd5 b6 23. Qxf6 Be7 24. Nfxe7 Bb7 25. Nxg6 1-0

[Event "AUTO-OPEN-2755"]
[Site "http://www.queenalice.com/game.php?id=1285574"]
[Date "2014.6.2"]
[Round "3"]
[White "tercer"]
[Black "cunha"]
[Result "0-1"]
[WhiteElo "1996"]
[BlackElo "2862"]

1. d4 Nf6 2. c4 e6 3. Nc3 Bb4 4. e3 O-O 5. Bd3 d5 6. cxd5 exd5 7. Ne2 Re8 8. O-O
Bd6 9. f3 c5 10. Nb5 Bf8 11. dxc5 Bxc5 12. Nbd4 Nc6 13. Kh1 Bd7 14. Nxc6 bxc6
15. Nd4 Bb6 16. b3 c5 17. Nb5 Qe7 18. Bd2 Rac8 19. Qe2 Qe6 20. Rfc1 a6 21. Na3
Bc7 22. g4 Qd6 23. Nb1 d4 24. e4 Nxe4 25. fxe4 Bxg4 26. Qf2 Bf3+ 27. Kg1 Bxe4
28. Bc4 Qg6+ 29. Kf1 Bd3+ 30. Bxd3 Qxd3+ 31. Kg1 Re2 32. Re1 Rxf2 33. Kxf2 Qf5+
34. Ke2 Re8+ 35. Kd1 Rxe1+ 36. Kxe1 d3 37. Nc3 Bxh2 38. Be3 Be5 39. Kd2 Bxc3+
40. Kxc3 Qe5+ 41. Kxd3 Qxa1 42. a4 Qb2 43. Bd2 Qxb3+ 44. Ke2 c4 45. Bf4 Qd3+ 46.
Kf2 c3 47. a5 c2 48. Be3 Qxe3+ 49. Kxe3 c1=Q+ 50. Ke4 Qd2 51. Kf3 f5 0-1

[Event "AUTO-OPEN-2755"]
[Site "http://www.queenalice.com/game.php?id=1285575"]
[Date "2014.6.2"]
[Round "3"]
[White "cunha"]
[Black "zahe"]
[Result "1-0"]
[WhiteElo "2861"]
[BlackElo "2073"]

1. e4 Nc6 2. d4 d5 3. e5 Bf5 4. Nf3 e6 5. c3 f6 6. Qb3 Na5 7. Qb5+ c6 8. Qe2 b5
9. Nh4 Be4 10. Nd2 Bc2 11. b4 Nb7 12. exf6 Qxf6 13. Ndf3 Be4 14. a4 Bd6 15. axb5
h6 16. bxc6 Nd8 17. Qb5 Bc7 18. Qc5 Qe7 19. Qxe7+ Nxe7 20. Nd2 g5 21. Nhf3 Bxf3
22. Nxf3 Nexc6 23. Be2 O-O 24. O-O Kg7 25. h3 Ne7 26. Ra6 Ng6 27. Re1 Nf4 28.
Bxf4 Bxf4 29. g3 Bc7 30. Rea1 Bb8 31. b5 Re8 32. b6 Re7 33. c4 dxc4 34. Bxc4 Kf7
35. Bd3 Nc6 36. Be4 Kg8 37. Bxc6 g4 38. b7 Rxb7 39. Bxb7 gxf3 40. Bxa8 Bc7 41.
Rxa7 Bb6 42. Rd7 Kf8 43. Bxf3 Ke8 44. Rh7 h5 45. Ra8+ Bd8 46. Bc6+ 1-0

[Event "AUTO-OPEN-2755"]
[Site "http://www.queenalice.com/game.php?id=1285576"]
[Date "2014.6.2"]
[Round "3"]
[White "zahe"]
[Black "cunha"]
[Result "0-1"]
[WhiteElo "2075"]
[BlackElo "2860"]

1. e3 e5 2. d4 e4 3. c4 Nf6 4. Ne2 c6 5. Ng3 d5 6. Be2 h5 7. h4 Bd6 8. Nxh5 Nxh5
9. Bxh5 dxc4 10. Nd2 Bb4 11. a3 Ba5 12. Bg4 f5 13. Bh5+ Kf8 14. g4 Qd5 15. Kf1
Nd7 16. gxf5 Nf6 17. Be2 b5 18. a4 Bb4 19. Nb1 Qxf5 20. Nc3 a5 21. Bd2 Bd6 22.
Qc2 g5 23. h5 g4 24. Ke1 Rxh5 25. Rg1 b4 26. Kd1 Rh2 27. Bxc4 bxc3 28. Qxc3 Rxf2
29. Qc2 Kg7 30. Kc1 Bb4 31. Rd1 g3 32. Qb3 Bxd2+ 33. Rxd2 Rxd2 34. Kxd2 Qf2+ 35.
Be2 g2 36. Qd1 Bg4 37. Qe1 g1=Q 38. Qxg1 Qxe2+ 39. Kc1 Rb8 40. Ra2 Rb3 41. Kb1
Nd5 42. Qc1 Nb4 43. Ka1 Rd3 44. Kb1 Rd1 45. Ra3 Qc2+ 0-1